000 00531nam a22001577a 4500
003 OSt
005 20150915153544.0
008 150915b xxu||||| |||| 00| 0 eng d
040 _cRUA
082 _aAGR SAM 2003 B029 Or.1
100 _9532
_aSAM CHAMNAN
245 _aA study of the effects of differentces in time elapsing between pulling and transplanting seedlings on the growth and yield of rice in kampong leav district prey veng province
260 _aphnom penh
_bRUA
_c2003
300 _a48p.
_cill.
_g29cm.
942 _2ddc
_cAGR
999 _c510
_d510